La casta : (Record n. 108625)

Dettagli MARC
000 -LEADER
fixed length control field 01317cam a22003614a 4500
001 - CONTROL NUMBER
control field 14943205
003 - CONTROL NUMBER IDENTIFIER
control field IT-RoPau
005 - DATE AND TIME OF LATEST TRANSACTION
control field 20220918181312.0
008 - FIXED-LENGTH DATA ELEMENTS--GENERAL INFORMATION
fixed length control field 070709s2007 it 001 0 ita d
010 ## - LIBRARY OF CONGRESS CONTROL NUMBER
LC control number 2007420157
020 ## - INTERNATIONAL STANDARD BOOK NUMBER
International Standard Book Number 9788817017145 :
Terms of availability 18.00 EUR
035 ## - SYSTEM CONTROL NUMBER
System control number (ItFiC)it 07564007
040 ## - CATALOGING SOURCE
Original cataloging agency ItFiC
Transcribing agency ItFiC
Modifying agency DLC
042 ## - AUTHENTICATION CODE
Authentication code lccopycat
043 ## - GEOGRAPHIC AREA CODE
Geographic area code e-it---
050 00 - LIBRARY OF CONGRESS CALL NUMBER
Classification number JN5452
Item number .R595 2007
100 1# - MAIN ENTRY--PERSONAL NAME
Personal name Rizzo, Sergio.
9 (RLIN) 35623
245 13 - TITLE STATEMENT
Title La casta :
Remainder of title così i politici italiani sono diventati intoccabili /
Statement of responsibility, etc. Sergio Rizzo, Gian Antonio Stella.
250 ## - EDITION STATEMENT
Edition statement 1. ed.
260 ## - PUBLICATION, DISTRIBUTION, ETC. (IMPRINT)
Place of publication, distribution, etc. Milano :
Name of publisher, distributor, etc. Rizzoli,
Date of publication, distribution, etc. 2007.
300 ## - PHYSICAL DESCRIPTION
Extent 284 p. ;
Dimensions 23 cm.
500 ## - GENERAL NOTE
General note Includes index.
650 #0 - SUBJECT ADDED ENTRY--TOPICAL TERM
Topical term or geographic name as entry element Politicians
Geographic subdivision Italy.
9 (RLIN) 35624
650 #0 - SUBJECT ADDED ENTRY--TOPICAL TERM
Topical term or geographic name as entry element Municipal officials and employees
Geographic subdivision Italy.
9 (RLIN) 35625
650 #0 - SUBJECT ADDED ENTRY--TOPICAL TERM
Topical term or geographic name as entry element Political corruption
Geographic subdivision Italy.
9 (RLIN) 35626
651 #0 - SUBJECT ADDED ENTRY--GEOGRAPHIC NAME
Geographic name Italy
General subdivision Politics and government
Chronological subdivision 1994-
9 (RLIN) 35627
651 #0 - SUBJECT ADDED ENTRY--GEOGRAPHIC NAME
Geographic name Italy
General subdivision Politics and government
Chronological subdivision 1976-1994.
9 (RLIN) 35628
700 1# - ADDED ENTRY--PERSONAL NAME
Personal name Stella, Gian Antonio.
9 (RLIN) 35629
856 41 - ELECTRONIC LOCATION AND ACCESS
Materials specified Table of contents
Uniform Resource Identifier <a href="http://www.loc.gov/catdir/toc/casalini06/07564007.pdf">http://www.loc.gov/catdir/toc/casalini06/07564007.pdf</a>
906 ## - LOCAL DATA ELEMENT F, LDF (RLIN)
a 7
b cbc
c copycat
d u
e ncip
f 20
g y-gencatlg
942 ## - ADDED ENTRY ELEMENTS (KOHA)
Source of classification or shelving scheme Dewey Decimal Classification
Koha item type LIBRO

Nessuna copia disponibile.

CREDITS: SOCIETA' SAN PAOLO Via A.Severo, 58 - ROMA (RM) & PERIODICI SAN PAOLO SRL Via Giotto, 36 MILANO & CISF Via Giotto, 36 MILANO & EDIZIONI SAN PAOLO SRL,  Piazza Soncino, 5 CINISELLO BALSAMO (MI) -- ITALY